000 00566nam a2200193Ia 4500
005 20250507130352.0
008 008 250505s9999 xx 000 0 eng d
020 _a0-8048-3633-3
037 _aAnnuals, Advances
040 _aEASL
_beng
_cEASL
041 _aeng
_2eng
084 _aM95.42.N12<-M53, P6
_qEASL
100 _aBennett Terry Au.
_9665385
245 0 _aPhotography in Japan
260 _aJapan
_bTokyo Tuttle Publishing
_c2006
300 _a320p.
942 _cTEXL
_hM95.42.N12<-M53, P6
999 _c1319284
_d1319284